000 01011nam a2200289 a 4500
001 25799
003 BD-RjUL
005 20211209050929.0
008 140319s1969 enkb b 001 0 eng d
020 _a0582112389
035 _a(BD-RjUL)25869
040 _aDLC
_beng
_cDLC
_dDLC
_dBD-RjUL
_dLC
041 _aeng
082 0 0 _a958.103
_bSAF 1969
100 1 _aSale, Florentia,
_d1790-1853.
_979256
245 1 4 _aThe First Afghan War /
_c[by Lady Sale; edited by Patrick Macrory.
260 _aHarlow :
_bLongmans,
_c1969.
300 _axix, 186 p.
_bmaps, ;
_c23 cm.
490 0 _aMilitary memoirs
504 _aBibliography: p. 180. and index.
650 0 _aAfghan wars.
_979257
700 1 _aMacrory, Patrick Arthur,
_d1911-,
_eed.
_979258
700 1 2 _aBrydon, William,
_d1811-1873.
_tAccount from memory and memoranda made on arrival of the retreat from Cabool in 1842.
_f1969.
_979259
942 _2ddc
_cBK
999 _c25799
_d25799